El maravilloso mago de Oz / (Record no. 27215)

MARC details
000 -LEADER
fixed length control field 01339cam a2200349Ia 4500
001 - CONTROL NUMBER
control field 55734853
003 - CONTROL NUMBER IDENTIFIER
control field OCoLC
005 - DATE AND TIME OF LATEST TRANSACTION
control field 20220706135504.0
008 - FIXED-LENGTH DATA ELEMENTS--GENERAL INFORMATION
fixed length control field 040624s2000 sp j 000 f spa d
020 ## - INTERNATIONAL STANDARD BOOK NUMBER
International Standard Book Number 8495311194 (pbk.)
020 ## - INTERNATIONAL STANDARD BOOK NUMBER
International Standard Book Number 9788495311191
040 ## - CATALOGING SOURCE
Original cataloging agency UNAMX
Language of cataloging spa
Transcribing agency UNAMX
Modifying agency UNAMX
-- OCLCQ
-- BAKER
-- SFR
-- UtOrBLW
041 1# - LANGUAGE CODE
Language code of text/sound track or separate title spa
Language code of original eng
050 14 - LIBRARY OF CONGRESS CALL NUMBER
Classification number PS3503.A923
Item number W6518 2000
092 ## - LOCALLY ASSIGNED DEWEY CALL NUMBER (OCLC)
Classification number TEEN SPANISH F
Item number BAUM 2000
100 1# - MAIN ENTRY--PERSONAL NAME
Personal name Baum, L. Frank
Fuller form of name (Lyman Frank),
Dates associated with a name 1856-1919.
240 10 - UNIFORM TITLE
Uniform title <a href="Wizard of Oz.">Wizard of Oz.</a>
Language of a work Spanish.
245 13 - TITLE STATEMENT
Title El maravilloso mago de Oz /
Statement of responsibility, etc. L. Frank Baum ; [traduccion, Bea Villarino].
250 ## - EDITION STATEMENT
Edition statement Ed. integra.
260 ## - PUBLICATION, DISTRIBUTION, ETC. (IMPRINT)
Place of publication, distribution, etc. Madrid :
Name of publisher, distributor, etc. Mestas Ediciones,
Date of publication, distribution, etc. 2000
Date of manufacture (2003 printing)
300 ## - PHYSICAL DESCRIPTION
Extent 156 p. ;
Dimensions 19 cm.
336 ## - CONTENT TYPE
Content type term text
Content type code txt
Source rdacontent.
337 ## - MEDIA TYPE
Media type term unmediated
Media type code n
Source rdamedia.
338 ## - CARRIER TYPE
Carrier type term volume
Carrier type code nc
Source rdacarrier.
490 0# - SERIES STATEMENT
Series statement Barco de papel (Mestas Ediciones) ;
Volume/sequential designation 17.
500 ## - GENERAL NOTE
General note Translation of: The wonderful wizard of Oz.
520 ## - SUMMARY, ETC.
Summary, etc. After being transported by a cyclone to the land of Oz, Dorothy and her dog are befriended by a scarecrow, a tin man, and a cowardly lion, who accompany her to the Emerald City to look for a wizard who can help Dorothy return home to Kansas.
650 #1 - SUBJECT ADDED ENTRY--TOPICAL TERM
Topical term or geographic name as entry element Fantasy.
650 #7 - SUBJECT ADDED ENTRY--TOPICAL TERM
Topical term or geographic name as entry element Fantasia.
Source of heading or term bidex.
700 1# - ADDED ENTRY--PERSONAL NAME
Personal name Villarino, Bea.
942 ## - ADDED ENTRY ELEMENTS (KOHA)
Koha item type Libro/Book
Holdings
Withdrawn status Lost status Damaged status Not for loan Home library Current library Shelving location Date acquired Total Checkouts Full call number Barcode Date last seen Date checked out Price effective from Koha item type Inventory number
        San Juan Del Sur -- Mobile Barbudos -- Satellite   06/07/2022 2 JF 33016461 23/04/2024 04/03/2024 06/07/2022 Libro/Book Inventory date: 7/7/25
        San Juan Del Sur -- Mobile San Juan Del Sur -- Mobile Staff Office 06/07/2022 2 JF 30028899 31/05/2024 21/05/2024 06/07/2022 Libro/Book  

Powered by Koha